Mineral resources of Douglas, Ormsby, and Washoe Counties. (Record no. 28232)

MARC details
000 -LEADER
fixed length control field 00876cam a22002651 4500
001 - CONTROL NUMBER
control field gs 48000007
003 - CONTROL NUMBER IDENTIFIER
control field DLC
005 - DATE AND TIME OF LATEST TRANSACTION
control field 20260227111353.0
008 - FIXED-LENGTH DATA ELEMENTS--GENERAL INFORMATION
fixed length control field 770120s1947 xx 000 0 eng c
010 ## - LIBRARY OF CONGRESS CONTROL NUMBER
LC control number gs 48000007
035 ## - SYSTEM CONTROL NUMBER
System control number (OCoLC)2690817
040 ## - CATALOGING SOURCE
Original cataloging agency U.S. Geol. Survey. Library.
Transcribing agency TxEU
Modifying agency OCoLC
-- DLC
042 ## - AUTHENTICATION CODE
Authentication code premarc
050 00 - LIBRARY OF CONGRESS CALL NUMBER
Classification number TN24.N3
Item number O9
082 ## - DEWEY DECIMAL CLASSIFICATION NUMBER
Classification number 553
100 1# - MAIN ENTRY--PERSONAL NAME
Personal name Overton, Theodore D.
245 10 - TITLE STATEMENT
Title Mineral resources of Douglas, Ormsby, and Washoe Counties.
260 ## - PUBLICATION, DISTRIBUTION, ETC.
Place of publication, distribution, etc. [Reno,
Name of publisher, distributor, etc. The University]
Date of publication, distribution, etc. 1947.
300 ## - PHYSICAL DESCRIPTION
Extent 91 p.
Other physical details illus. 5 fold. maps (in pocket)
Dimensions 23 cm.
490 1# - SERIES STATEMENT
Series statement University of Nevada Bulletin,
Volume/sequential designation v. 41, no. 9. Geology and mining series no. 46
504 ## - BIBLIOGRAPHY, ETC. NOTE
Bibliography, etc. note "References": p. 87-88.
650 #0 - SUBJECT ADDED ENTRY--TOPICAL TERM
Topical term or geographic name entry element Mines and mineral resources
Geographic subdivision Nevada.
650 #0 - SUBJECT ADDED ENTRY--TOPICAL TERM
Topical term or geographic name entry element Geology
Geographic subdivision Nevada.
810 2# - SERIES ADDED ENTRY--CORPORATE NAME
Corporate name or jurisdiction name as entry element Nevada Bureau of Mines.
Title of a work Bulletin ;
Volume/sequential designation no. 46.

No items available.

Powered by Koha